Vypracovanie postupu implementácie MSA v procese výroby jednopramenných lanových drôtov v spoločnosti Bekaert Hlohovec, a.s. : Bakalárska práca

Gespeichert in:
Bibliographische Detailangaben
1. Verfasser: Červená, Linda, 1977- (Verfasst von)
Weitere Verfasser: Urdziková, Jana (Betreuung Doktorarbeit)
Format: Manuskript Buch
Sprache:Slowakisch
Veröffentlicht: Trnava : STU v Bratislave MTF UPMK KIK, 2011
Schlagworte:
Online-Zugang:VAIS
Tags: Tag hinzufügen
Keine Tags, Fügen Sie das erste Tag hinzu!

MARC

LEADER 00000ntm a22000003a 4500
001 stu228555
005 20160719160543.4
008 110629s2011----xo------------------slo-d
040 |a STU  |b slo 
041 0 |a slo 
044 |a xo 
100 1 |a Červená, Linda,  |d 1977-  |4 aut  |X 59880  |7 A000059880 
242 0 0 |a Work out of proposal for implementation of MSA in production process of rope wire for spiral strands in Bekaert Hlohovec, a.s.  |y eng 
245 1 |a Vypracovanie postupu implementácie MSA v procese výroby jednopramenných lanových drôtov v spoločnosti Bekaert Hlohovec, a.s. :  |b Bakalárska práca 
260 |a Trnava :  |b STU v Bratislave MTF UPMK KIK,  |c 2011 
300 |a 65 s., CD-ROM 
650 7 |a quality  |2 estusub 
650 7 |a kvalita  |2 stusub 
650 7 |a stabilita  |2 stusub 
650 7 |a kvalita produkcie  |2 stusub 
650 7 |a Production Quality  |2 estusub 
700 1 |a Urdziková, Jana  |4 ths  |u M4000  |U MTF Materiálovotechnologická fakulta  |T MTF Ústav priemyselného inžinierstva a manažmentu  |U M4000  |Y 84 
856 4 |a info a plný text  |u http://is.stuba.sk/zp/portal_zp.pl?podrobnosti=62303  |3 VAIS 
996 |c M*BP-5500  |l MMSKP  |s P  |a 0  |w stu228555_0001